Jazz Confession -Jazzové vyznání

Bibliographic Details
Main Author: Velebný, Karel, 1931-1989 (Author)
Format: Book
Language:Undetermined
Published: Praha Panton 1988

MARC

LEADER 00000nam a2200000 a 4500
001 vtls001381782
003 SK-MaSNL
005 20260301161407.0
008 240314s1988 xx 0 und
035 |a SNK000335814 
040 |a SNK  |b slo  |c SNK  |e AACR2 
100 1 |a Velebný, Karel,  |d 1931-1989  |4 aut  |9 63228 
245 1 0 |a Jazz Confession -Jazzové vyznání 
260 |a Praha  |b Panton  |c 1988 
300 |a 31 s. 
958 |a OND 
999 |c 809272  |d 811202 
952 |t P60, <04>, [BOOK], {604}  |a SNK  |b SNK  |y VYP  |7 0  |p 17A0225478  |o snkHIB 13493 D1  |0 0  |1 0  |4 0  |d 2000-01-27  |l 0  |r 2005-01-02 00:00:00  |w 2026-02-24